Orgils saga ok Haflia /

Bibliographic Details
Uniform Title:Orgils saga ok Haflia.
Other Authors: Dronke, Ursula
Format: Book
Language:Icelandic
Published: London : Oxford University Press, 1952.
Series:Oxford English monographs.

MARC

Tag First Indicator Second Indicator Subfields
LEADER 00000cam a2200000 4500
001 in00000030716
005 20151007063010.0
008 760323s1952 enkbj b 00010 ice
010 |a  54027821  
035 |a (OCoLC)02063861 
035 |9 AAD6299AM 
040 |a DLC  |c OUN  |d TXA  |d UtOrBLW 
049 |a TXAM  |c [220906] 
050 0 0 |a PT7269.T5  |b B7 
092 |a 839.6  |b T489 
130 0 |a Orgils saga ok Haflia. 
245 1 0 |a Orgils saga ok Haflia /  |c Edited by Ursula Brown. 
264 1 |a London :  |b Oxford University Press,  |c 1952. 
300 |a lxii, 105 pages :  |b maps, genealogical tables. ;  |c 23 cm. 
336 |a text  |b txt  |2 rdacontent 
337 |a unmediated  |b n  |2 rdamedia 
338 |a volume  |b nc  |2 rdacarrier 
490 1 |a Oxford English monographs 
504 |a Bibliography: pages [96]-100. 
700 1 |a Dronke, Ursula. 
830 0 |a Oxford English monographs. 
999 |a MARS 
999 f f |s 930719ee-6193-3e06-953b-7d8c45fa4979  |i 25ba3ee7-8f41-3a3b-bf44-796052c23c7c  |t 0 
952 f f |p normal  |a Texas A&M University  |b College Station  |c Sterling C. Evans Library  |d Evans: Library Stacks  |t 0  |e PT7269.T5 B7  |h Library of Congress classification  |i unmediated -- volume  |m A14801360303 
998 f f |a PT7269.T5 B7  |t 0  |l Evans: Library Stacks